000 00297nam a22001337a 4500
003 SGT
020 _a9780836270327
082 _a940.53
_bL95W
100 _aWILSON, CARA
245 _aLOVE, OTTO: THE LEGACY OF ANNY FRANK
260 _bANDREWS AND MEMEEL
_c1995
300 _a146
942 _2ddc
_cBK
999 _c29206
_d29206